[Event "España tch 2009 - 2a 2"]
[Site "Burguillos ESP"]
[Date "2009.08.09"]
[Round "6.82"]
[White "Campos Parejo, Antonio"]
[Black "Vega Gutierrez, Belinda Vidina"]
[Result "1/2-1/2"]
[WhiteElo "2141"]
[BlackElo "2254"]
[PlyCount "103"]
[EventDate "2009.08.05"]
[EventType "team"]
[EventRounds "6"]
[EventCountry "ESP"]
[Source "lmi"]
[SourceDate "2009.08.05"]
[WhiteTeam "C.D. Reina Brillante"]
[BlackTeam "C.A. Anand"]
[WhiteTeamCountry "ESP"]
[BlackTeamCountry "ESP"]

1. d4 d5 2. Nf3 Nf6 3. Bg5 e6 4. e3 Be7 5. Nbd2 h6 6. Bh4 b6 7. Ne5 Bb7 8. Bd3
Nfd7 9. Bg3 c5 10. Qg4 Bf6 11. c3 h5 12. Qe2 Bxe5 13. Bxe5 Nxe5 14. dxe5 Nd7
15. f4 c4 16. Bc2 Nc5 17. O-O Qc7 18. b4 cxb3 19. axb3 a5 20. Rfc1 Ke7 21. Nf3
Ba6 22. Qf2 Nd7 23. c4 dxc4 24. Be4 Rac8 25. Nd4 Nc5 26. Qh4+ Kf8 27. Bf3 Qe7
28. Qxe7+ Kxe7 29. bxc4 f6 30. exf6+ Kxf6 31. Rcb1 Bxc4 32. Rxb6 a4 33. Bd1 Rb8
34. Rc6 Nb3 35. Rxa4 Nxd4 36. Rcxc4 Nf5 37. Rcb4 Rbd8 38. Bb3 Nxe3 39. Re4 Nd5
40. Ra6 Rhe8 41. g3 Re7 42. Ra5 g6 43. Kf2 Rb7 44. Bxd5 Rxd5 45. Rxd5 exd5 46.
Re5 Rb2+ 47. Ke3 Rxh2 48. Rxd5 Ra2 49. Rg5 Ra3+ 50. Ke4 Ra4+ 51. Ke3 Ra3+ 52.
Ke4 1/2-1/2

[Event "España tch 2009 - 2a 2"]
[Site "Burguillos ESP"]
[Date "2009.08.09"]
[Round "6.83"]
[White "Camino Carrio, Nicanor"]
[Black "Diaz Rodriguez, Jose Antonio"]
[Result "0-1"]
[WhiteElo "2207"]
[BlackElo "2124"]
[PlyCount "132"]
[EventDate "2009.08.05"]
[EventType "team"]
[EventRounds "6"]
[EventCountry "ESP"]
[Source "lmi"]
[SourceDate "2009.08.05"]
[WhiteTeam "C.A. Anand"]
[BlackTeam "C.D. Reina Brillante"]
[WhiteTeamCountry "ESP"]
[BlackTeamCountry "ESP"]

1. e4 c5 2. Nf3 Nc6 3. Nc3 d6 4. d4 cxd4 5. Nxd4 Nf6 6. Bg5 Qa5 7. Bxf6 gxf6 8.
Nb3 Qd8 9. f4 f5 10. Bc4 h5 11. Qd2 fxe4 12. Nxe4 Bf5 13. Ng3 Qd7 14. O-O-O Bg7
15. Rde1 Kf8 16. Re3 Rc8 17. Rhe1 a6 18. Kb1 b5 19. Bd3 Bxd3 20. cxd3 h4 21.
Ne2 b4 22. d4 Qf5+ 23. Qd3 Qxd3+ 24. Rxd3 Ke8 25. d5 Na7 26. Ned4 Kd7 27. Nc2
Rc4 28. Rde3 Bf6 29. Re4 Rxe4 30. Rxe4 Rg8 31. Re2 Rb8 32. Re4 Rg8 33. Ne3 h3
34. g3 Rxg3 35. Nf1 Rg2 36. Nbd2 a5 37. Re3 Rf2 38. Rf3 Rxf3 39. Nxf3 Nb5 40.
Ne3 Nd4 41. Ng1 a4 42. Nxh3 Nf3 43. Nc4 Kc7 44. Na5 Nxh2 45. Nc6 a3 46. Nxb4
Bxb2 47. Nd3 Ng4 48. Nxb2 axb2 49. Kxb2 Nf6 50. Kc3 Nxd5+ 51. Kd4 Nxf4 52. Nf2
f5 53. a4 e5+ 54. Kc4 Kb6 55. Nd1 d5+ 56. Kb4 Nd3+ 57. Kc3 Nc5 58. Kb4 Na6+ 59.
Kc3 Kc5 60. Nf2 d4+ 61. Kb3 e4 62. Nh3 d3 63. Kc3 Nc7 64. Kd2 Kd4 65. a5 e3+
66. Kd1 Nd5 0-1

[Event "España tch 2009 - 2a 2"]
[Site "Burguillos ESP"]
[Date "2009.08.09"]
[Round "6.84"]
[White "Barrios Munoz, Rafael Carlos"]
[Black "Galvan Ruiz, Mario"]
[Result "1/2-1/2"]
[WhiteElo "2103"]
[BlackElo "2064"]
[PlyCount "95"]
[EventDate "2009.08.05"]
[EventType "team"]
[EventRounds "6"]
[EventCountry "ESP"]
[Source "lmi"]
[SourceDate "2009.08.05"]
[WhiteTeam "C.D. Reina Brillante"]
[BlackTeam "C.A. Anand"]
[WhiteTeamCountry "ESP"]
[BlackTeamCountry "ESP"]

1. d4 e6 2. Nf3 Nf6 3. g3 c5 4. Bg2 Be7 5. O-O O-O 6. c4 cxd4 7. Nxd4 a6 8. Nc3
Qc7 9. Bg5 Nc6 10. h3 h6 11. Be3 d6 12. Rc1 Ne5 13. b3 Bd7 14. f4 Ng6 15. Bf2
Rac8 16. Qd3 Qb8 17. Rc2 Rfd8 18. e4 Bf8 19. Qe2 e5 20. fxe5 dxe5 21. Nf5 b5
22. Ne3 bxc4 23. bxc4 Be6 24. Rb1 Qa8 25. Ncd5 Nxd5 26. cxd5 Bd7 27. Qd2 Bc5
28. Rbc1 Ba3 29. Rxc8 Rxc8 30. Rxc8+ Qxc8 31. Qc2 Bxh3 32. Bxh3 Qxh3 33. Nf5
Ne7 34. Nxe7+ Bxe7 35. Qc7 Bf6 36. d6 Qg4 37. Qc2 h5 38. Qd3 h4 39. d7 Qg5 40.
Bb6 Qc1+ 41. Qf1 Qd2 42. Qxf6 Qxd7 43. Qd8+ Qxd8 44. Bxd8 hxg3 45. Kg2 f6 46.
Kxg3 Kf7 47. Kg4 g6 48. Kf3 1/2-1/2